000 00714cab a2200217 4500
001 WB3410-46
008 090401t1998 xxu||||| |||| 00| 0 eng d
035 _a(Sirsi) u84804
041 _aeng
245 _aGo forth and multiplex
260 _c1998
350 _a0
490 _aBuilding Design
_v(1341) 6 March 1998, 7(1)
520 _aMultiplex cinemas continue to boom, with warnings of saturation falling on deaf ears. Looks at planning policy principles with regards to leisure developments. Lists multiplexes soon to appear.
650 _aLEISURE DEVELOPMENT
650 _aMULTIPLEX CINEMAS
650 _aPLANNING POLICY
690 _aLEISURE AND RECREATION
942 _n0
948 _c11/03/1998
999 _c53326
_d53326